000 00803nam a22002177a 4500
005 20230831081602.0
008 230831b ||||| |||| 00| 0 eng d
040 _aCO-BoUCM
_cDavid Moreno
_dDavid Moreno
041 _aspa
100 1 _aLópez Franco, Sonia Inés
_9178662
245 1 0 _aDiscurso y control :
_banálisis de seis organizaciones antioqueñas /
_cSonia Inés López Franco
260 _aMedellin, COL
_bEditorial EAFIT
_c2021
300 _a228 Paginas
650 1 7 _aOrganizaciones
_920864
650 1 7 _aAnalisis del discurso
_990
650 1 7 _aComunicacion organizacional
_911385
650 1 7 _aSociologia organizacional
_924809
650 1 7 _aEmpresas
_zAntioquia (Colombia)
_9178663
942 _2DEWEY
_a16
_cLIBRO
_e1
_h658.45
_mL864d
_n0
999 _c323106
_d323106